| 000 | 00349 a2200157 4500 | ||
|---|---|---|---|
| 001 | 58511 | ||
| 020 | _a | ||
| 040 | _cAnchieta - Pituba | ||
| 100 | _aMoreira, Maria de Fátima Lôbo | ||
| 240 | 1 | 0 |
_aCuiubas dos boticudos _lpor |
| 245 | 1 | 0 | _aCuiubas dos boticudos |
| 300 | _a90 | ||
| 362 | 0 | _a1996 | |
| 650 | 4 | _aFicção brasileira | |
| 942 | _cBK | ||
| 999 |
_c58511 _d58511 |
||